| 000 | 02221nam2a2200277 4500 | ||
|---|---|---|---|
| 001 | RU\NLR\BIBL_A\022009617 | ||
| 005 | 20231010162632.0 | ||
| 010 |
_a978-5-604190-21-0 _bт. 2 _9200 |
||
| 021 |
_aRU _bКН-П-23-045543 _9КН-П-23-4553 |
||
| 035 | _a(NLR Aleph) 022009617 | ||
| 090 |
_a12479791 _c12479791 |
||
| 100 | _a20230823d2023 u y0rusy50 ca | ||
| 101 | 1 |
_arus _ceng |
|
| 102 | _aRU | ||
| 105 | _aа z 001zy | ||
| 200 | 1 |
_aОсобенности применения микроимплантов в ортодонтии _eоткрытый прикус, глубокий прикус, лечение аномалии III класса, лечение без удаления отдельных зубов, частные случаи клинического применения микроимплантов _fперевод с английского канд. мед. наук И. Н. Минаевой |
|
| 210 | _d2023 | ||
| 215 |
_a361 с. _cцв. ил., портр. |
||
| 300 | _aОбщ. загл. вып.: Микроимпланты в ортодонтическом лечении | ||
| 320 | _aБиблиогр. в конце глав | ||
| 320 | _aАлф. указ.: с. 355-361 | ||
| 461 | 0 |
_1001RU\NLR\BIBL_A\012772957 _12001#$aМикроимпланты в ортодонтическом лечении$eхирургическая установка и ведение, биомеханика и лечение с удалением отдельных зубов$eфундаментальное руководство$eв 2 т.$fХью-Сон Пак$gперевод с английского Е.С. Антипова [и др.]$vТ. 2 _1700#0$aПак Хью-Сон$3RU\NLR\AUTH\770243097 _913098535 _aПак Хью-Сон _cНовосибирск _d2021 _fХью-Сон Пак _nНемо Пресс _oхирургическая установка и ведение, биомеханика и лечение с удалением отдельных зубов : фундаментальное руководство : в 2 т. _tМикроимпланты в ортодонтическом лечении _y9785604290197 _vТ. 2 |
|
| 942 | _cBOOK | ||
| 980 | _aNB | ||